000 01651cam a22004694i 4500
003 PE-LiUPU
005 20250731184527.0
008 150616s r 000 0 d
035 _a(Sirsi) a2067
040 _aPE-LiUPU
_bspa
_cPE-LiUPU
_erda
049 _aPRUA
082 0 4 _a985.780
_bP28
_221
100 1 _aPatronato Popular y porvenir pro música clásica,
_eautor.
245 1 3 _aLa música en el Perú.
264 1 _aLima :
_bPatronato Popular y porvenir pro música clásica,
_c1988.
300 _a283 páginas :
_bilustraciones ;
_c21 cm
336 _atext
_2rdacontent
337 _aunmediated
_2rdamedia
338 _avolume
_2rdacarrier
504 _aIncluye bibliografía.
505 0 _aLa música en el antiguo Perú -- La música en el virreinato -- Emancipación y república: Siglo XIX -- La música en el siglo XX -- La música tradicional y popular.
526 _aP136
526 _aP135
526 _aP134
526 _aP133
526 _aP144
526 _aP143
526 _aP87
526 _aP35
526 _aP20
526 _aP14
526 _aP10
526 _aP06
651 _aPerú
_xMúsica.
910 _ajck
_bjvq
_cjck
942 _2ddc
_cBOOK
949 _a985.780 P28
_wDEWEY
_c1
_i37405
_lCCODEBUL1
_mBUL
_p00.00
_r0
_sY
_tBOOK
_u19950217
_xEDUCACION
_PP20
_0COMPRA
_o.STAFF. Colección General
994 _aC0
_bPEPRU
596 _a1
999 _a985.780 P28
_wDEWEY
_c21053
_i37405
_d21053
_e2016-11-13
_f2021-11-8
_g5
_lCCODEBUL1
_mBUL
_n1
_r0
_sY
_tBOOK
_u2015-6-16
_xBIBLIOTECA
_PP20
_0COMPRA
_o.STAFF. Colección General
980 _81
_gALBERTO SANCHEZ Responsable de Automatización